[Event "Pardubice Czech op-A 23rd"]
[Site "Pardubice"]
[Date "2012.07.24"]
[Round "5"]
[White "Goryachkina, Aleksandra"]
[Black "Blodstein, Boris"]
[Result "1-0"]
[WhiteElo "2354"]
[BlackElo "2246"]
[PlyCount "79"]
[EventDate "2012.07.12"]
[EventType "swiss"]
[EventRounds "9"]
[EventCountry "CZE"]
[SourceTitle "CBM 149 Extra"]
[Source "ChessBase"]
[SourceDate "2012.08.24"]
[SourceVersion "1"]
[SourceVersionDate "2012.08.24"]
[SourceQuality "1"]

1. Nf3 c5 2. c4 g6 3. g3 Bg7 4. Bg2 Nc6 5. 0-0 Nf6 6. d4 cxd4 7. Nxd4 0-0 8. Nc3 d6 9. Nc2 Be6 10. b3 Nd7 11. Bb2 a5 12. Qc1 Nc5 13. Nd5 Ne5 14. Rd1 Rc8 15. Nd4 Bd7 16. Qd2 Nc6 17. Nb5 Bxb2 18. Qxb2 Nb4 19. Nxd6 Nxd5 20. Nxc8 Nf6 21. Na7 Qb6 22. Nb5 Bxb5 23. cxb5 Qxb5 24. Rac1 b6 25. Bf3 h5 26. Qe5 Re8 27. Rd4 Nfd7 28. Qc7 e5 29. Bc6 Qxc6 30. Qxc6 exd4 31. Kf1 Re6 32. Qd5 Nf6 33. Qd8+ Kg7 34. Qxd4 Nce4 35. Kg2 Rd6 36. Qe5 Rd5 37. Qb2 Nc5 38. Rc4 b5 39. Rf4 Ncd7 40. Rd4 1-0

[Event "Vienna op 17th"]
[Site "Vienna"]
[Date "2011.08.21"]
[Round "9"]
[White "Blodstein, Boris"]
[Black "Buljubasic, Sabahudin"]
[Result "1/2-1/2"]
[WhiteElo "2255"]
[BlackElo "2333"]
[PlyCount "25"]
[EventDate "2011.08.13"]
[EventType "swiss"]
[EventRounds "9"]
[EventCountry "AUT"]
[SourceTitle "CBM 143 Extra"]
[Source "ChessBase"]
[SourceDate "2011.08.29"]
[SourceVersion "1"]
[SourceVersionDate "2011.08.29"]
[SourceQuality "1"]

1. c4 Nf6 2. Nc3 g6 3. e4 d6 4. d4 Bg7 5. Be2 Nbd7 6. Bg5 h6 7. Be3 e5 8. d5 Nc5 9. f3 a5 10. g4 h5 11. g5 Nh7 12. Qd2 0-0 13. 0-0-0 1/2-1/2

[Event "Barcelona Sants op 10th"]
[Site "Barcelona"]
[Date "2008.08.23"]
[Round "2"]
[White "Blodstein, Boris"]
[Black "Mekhitarian, Krikor Sevag"]
[Result "0-1"]
[WhiteElo "2213"]
[BlackElo "2504"]
[PlyCount "86"]
[EventDate "2008.08.22"]
[EventType "swiss"]
[EventRounds "10"]
[EventCountry "ESP"]
[SourceTitle "CBM 126 Extra"]
[Source "ChessBase"]
[SourceDate "2008.11.05"]
[SourceVersion "1"]
[SourceVersionDate "2008.11.05"]
[SourceQuality "1"]

1. e4 c5 2. Nf3 d6 3. d4 cxd4 4. Nxd4 Nf6 5. Nc3 a6 6. Bg5 e6 7. f4 Qc7 8. Qf3 b5 9. 0-0-0 b4 10. Nce2 Bb7 11. Ng3 Nbd7 12. Bd3 Rc8 13. Kb1 Nc5 14. Bxf6 gxf6 15. f5 e5 16. Nb3 Rg8 17. Nxc5 Qxc5 18. Nf1 a5 19. Ne3 a4 20. Bc4 Rc7 21. b3 axb3 22. cxb3 Bh6 23. Nd5 Bxd5 24. Rxd5 Qe3 25. Rxd6 Qxf3 26. gxf3 Ke7 27. Rdd1 Be3 28. Rhe1 Bd4 29. Re2 Rcc8 30. Rc2 h5 31. Bd5 Rc3 32. f4 h4 33. fxe5 Bxe5 34. Rcd2 Bf4 35. Bxf7 Kxf7 36. Rd7+ Kf8 37. Rd8+ Kg7 38. Rg1+ Bg3 39. Rd4 Rgc8 40. Rg2 h3 41. Re2 Rc1+ 42. Kb2 Rg1 43. Red2 Be5 0-1

[Event "Barcelona Sants op 09th"]
[Site "Barcelona"]
[Date "2007.08.26"]
[Round "3"]
[White "Blodstein, Boris"]
[Black "Feller, Sebastien"]
[Result "0-1"]
[WhiteElo "2254"]
[BlackElo "2478"]
[PlyCount "56"]
[EventDate "2007.08.24"]
[EventType "swiss"]
[EventRounds "10"]
[EventCountry "ESP"]
[SourceTitle "CBM 120 Extra"]
[Source "ChessBase"]
[SourceDate "2007.11.01"]
[SourceVersion "1"]
[SourceVersionDate "2007.11.01"]
[SourceQuality "1"]

1. e4 c5 2. Nc3 a6 3. g3 b5 4. Bg2 Bb7 5. d3 e6 6. f4 d5 7. e5 Ne7 8. Nf3 Nec6 9. 0-0 Be7 10. Ne2 d4 11. g4 Nd7 12. Ng3 Qc7 13. a4 0-0 14. Qe2 Rfe8 15. h4 c4 16. Bd2 Nc5 17. axb5 axb5 18. Rxa8 Rxa8 19. f5 Ra2 20. fxe6 Nxe6 21. dxc4 Rxb2 22. cxb5 Nb4 23. Bxb4 Bxb4 24. Ne1 Bxe1 25. Qxe1 Bxg2 26. Kxg2 Qxc2+ 27. Rf2 Nf4+ 28. Kf3 Nd3 0-1

[Event "Pardubice op-A"]
[Site "Pardubice"]
[Date "2006.07.23"]
[Round "3"]
[White "Saric, Ante"]
[Black "Blodstein, Boris"]
[Result "1-0"]
[WhiteElo "2475"]
[BlackElo "2254"]
[PlyCount "65"]
[EventDate "2006.07.21"]
[EventType "swiss"]
[EventRounds "9"]
[EventCountry "CZE"]
[SourceTitle "CBM 113 Extra"]
[Source "ChessBase"]
[SourceDate "2006.09.14"]
[SourceVersion "1"]
[SourceVersionDate "2006.09.14"]
[SourceQuality "1"]

1. d4 Nf6 2. Nf3 c5 3. d5 d6 4. c4 g6 5. Nc3 Bg7 6. e4 b5 7. cxb5 0-0 8. Rb1 a6 9. a4 axb5 10. axb5 Qa5 11. Bd2 Qb4 12. Bd3 c4 13. Be2 Nfd7 14. 0-0 Nc5 15. Be3 f5 16. Bd4 fxe4 17. Ng5 Nd3 18. Bxg7 Kxg7 19. Ngxe4 Bf5 20. b3 Bxe4 21. Nxe4 Ra3 22. Qc2 Nf4 23. bxc4 Qa4 24. Qb2+ Kg8 25. Bd1 Qxc4 26. Qxa3 Qxe4 27. Bf3 Qf5 28. b6 Nd7 29. b7 Ne5 30. b8Q Nh3+ 31. gxh3 Nxf3+ 32. Qxf3 Qxf3 33. Qb3 1-0

[Event "Budapest FS08 IM-C"]
[Site "Budapest"]
[Date "2005.08.16"]
[Round "11"]
[White "Kaposztas, Miklos"]
[Black "Blodstein, Boris"]
[Result "1/2-1/2"]
[WhiteElo "2260"]
[BlackElo "2249"]
[PlyCount "27"]
[EventDate "2005.08.06"]
[EventType "tourn"]
[EventRounds "11"]
[EventCountry "HUN"]
[EventCategory "2"]
[SourceTitle "CBM 107 Extra"]
[Source "ChessBase"]
[SourceDate "2005.09.01"]
[SourceVersion "1"]
[SourceVersionDate "2005.09.01"]
[SourceQuality "1"]

1. d4 Nf6 2. c4 c5 3. d5 d6 4. Nc3 g6 5. e4 Bg7 6. Nge2 e6 7. Ng3 exd5 8. cxd5 0-0 9. Be2 a6 10. a4 Re8 11. 0-0 h5 12. Bg5 Qc7 13. Qd2 Nbd7 14. a5 1/2-1/2

[Event "Budapest FS08 IM-C"]
[Site "Budapest"]
[Date "2005.08.09"]
[Round "4"]
[White "Le, Quang Liem"]
[Black "Blodstein, Boris"]
[Result "1/2-1/2"]
[WhiteElo "2326"]
[BlackElo "2249"]
[PlyCount "124"]
[EventDate "2005.08.06"]
[EventType "tourn"]
[EventRounds "11"]
[EventCountry "HUN"]
[EventCategory "2"]
[SourceTitle "CBM 107 Extra"]
[Source "ChessBase"]
[SourceDate "2005.09.01"]
[SourceVersion "1"]
[SourceVersionDate "2005.09.01"]
[SourceQuality "1"]

1. d4 Nf6 2. Nf3 c5 3. g3 cxd4 4. Nxd4 g6 5. Bg2 Bg7 6. 0-0 0-0 7. c4 Nc6 8. Nc3 Nxd4 9. Qxd4 d6 10. Qh4 Rb8 11. Bg5 Re8 12. Rfd1 b6 13. e4 Ng4 14. Nd5 f6 15. Bd2 Ne5 16. Ne3 Bb7 17. Bc3 Rc8 18. b3 e6 19. Rac1 f5 20. Qxd8 Rcxd8 21. f4 Nc6 22. Bxg7 Kxg7 23. Rd2 Kf7 24. Rcd1 Ke7 25. Re1 Kf7 26. Nc2 a6 27. Red1 Ke7 28. exf5 gxf5 29. Nb4 Nxb4 30. Bxb7 Rd7 31. a3 Rxb7 32. axb4 Rd8 33. Ra2 a5 34. bxa5 bxa5 35. Rd3 Rdb8 36. Ra3 Rb4 37. Rc3 a4 38. bxa4 Rb2 39. a5 Rd2 40. Rcb3 Rxb3 41. Rxb3 Ra2 42. Rb7+ Kf6 43. Ra7 Ra4 44. a6 e5 45. fxe5+ Kxe5 46. Ra8 Ke4 47. Kg2 Ra2+ 48. Kh3 Kf3 49. a7 Ra4 50. Kh4 Rxc4+ 51. Kg5 Ra4 52. Kxf5 Ra6 53. g4 d5 54. Ke5 Kg2 55. h4 Kg3 56. h5 Kh4 57. g5 Kxh5 58. g6 Kh6 59. Kxd5 Kg7 60. gxh7 Kxh7 61. Kc5 Ra1 62. Kb6 Rb1+ 1/2-1/2

[Event "Budapest FS08 IM-C"]
[Site "Budapest"]
[Date "2005.08.06"]
[Round "1"]
[White "Blodstein, Boris"]
[Black "Eperjesi, Laszlo"]
[Result "1/2-1/2"]
[WhiteElo "2249"]
[BlackElo "2259"]
[PlyCount "41"]
[EventDate "2005.08.06"]
[EventType "tourn"]
[EventRounds "11"]
[EventCountry "HUN"]
[EventCategory "2"]
[SourceTitle "CBM 107 Extra"]
[Source "ChessBase"]
[SourceDate "2005.09.01"]
[SourceVersion "1"]
[SourceVersionDate "2005.09.01"]
[SourceQuality "1"]

1. d4 Nf6 2. c4 e6 3. Nf3 d5 4. Nc3 c5 5. cxd5 Nxd5 6. e4 Nxc3 7. bxc3 cxd4 8. cxd4 Bb4+ 9. Bd2 Bxd2+ 10. Qxd2 0-0 11. Bc4 Nd7 12. 0-0 b6 13. Rfe1 Bb7 14. Rad1 Rc8 15. Bb3 Qf6 16. Qe3 h6 17. h3 Rc7 18. Rc1 Rfc8 19. Rxc7 Rxc7 20. Ba4 Nf8 21. Ne5 1/2-1/2

[Event "ISR-chT"]
[Site "Israel"]
[Date "1996.??.??"]
[Round "7"]
[White "Avrukh, Boris"]
[Black "Blodstein, Boris"]
[Result "1-0"]
[WhiteElo "2495"]
[BlackElo "2195"]
[PlyCount "59"]
[EventDate "1996.??.??"]
[EventType "team"]
[EventRounds "11"]
[EventCountry "ISR"]
[SourceTitle "CBM 052 Extra"]
[Source "ChessBase"]
[SourceDate "1996.07.01"]
[SourceVersion "1"]
[SourceVersionDate "1996.07.01"]
[SourceQuality "1"]

1. d4 Nf6 2. c4 c5 3. d5 d6 4. Nc3 g6 5. e4 Bg7 6. Bd3 0-0 7. h3 e6 8. Nf3 exd5 9. cxd5 a6 10. a4 Re8 11. 0-0 Qc7 12. Re1 Nbd7 13. Bf4 Nh5 14. Bh2 Ne5 15. Be2 Nxf3+ 16. Bxf3 Nf6 17. e5 dxe5 18. d6 Qb6 19. Bxe5 Be6 20. Qd2 Rad8 21. a5 Qa7 22. Na4 Nd7 23. Bxg7 Kxg7 24. b4 c4 25. Nc5 Nxc5 26. Qd4+ Kg8 27. bxc5 Rd7 28. Bg4 c3 29. Qxc3 Rc8 30. Rxe6 1-0

[Event "ISR-chT"]
[Site "Israel"]
[Date "1996.??.??"]
[Round "10"]
[White "Blodstein, Boris"]
[Black "Bar, Roman"]
[Result "1-0"]
[WhiteElo "2195"]
[BlackElo "2160"]
[PlyCount "127"]
[EventDate "1996.??.??"]
[EventType "team"]
[EventRounds "11"]
[EventCountry "ISR"]
[SourceTitle "CBM 052 Extra"]
[Source "ChessBase"]
[SourceDate "1996.07.01"]
[SourceVersion "1"]
[SourceVersionDate "1996.07.01"]
[SourceQuality "1"]

1. e4 c5 2. Nf3 Nc6 3. d4 cxd4 4. Nxd4 Qc7 5. Nc3 e6 6. Be3 a6 7. Qd2 Nf6 8. f3 b5 9. g4 d6 10. g5 Nd7 11. Nxc6 Qxc6 12. 0-0-0 Bb7 13. h4 0-0-0 14. Kb1 Ne5 15. Qf2 b4 16. Ne2 d5 17. Bh3 Be7 18. Bd4 Nc4 19. Bxg7 Rhg8 20. Bd4 Kb8 21. e5 Rc8 22. Ka1 a5 23. f4 a4 24. Nc1 Bd8 25. f5 Bb6 26. Nd3 Bxd4 27. Qxd4 b3 28. Rc1 Rge8 29. Rh2 Qb5 30. fxe6 fxe6 31. a3 bxc2 32. Rhxc2 Rc7 33. Qc3 Rf7 34. Bg4 Rfe7 35. Nb4 Na5 36. Kb1 Nc4 37. Be2 Rc8 38. Qd4 Rd7 39. Qg4 Qb6 40. Bxc4 dxc4 41. Rxc4 Rxc4 42. Qxc4 Rd4 43. Nc6+ Bxc6 44. Qxc6 Qxc6 45. Rxc6 Rxh4 46. Rxe6 Rh5 47. Rb6+ Kc8 48. Rb4 Rxg5 49. Rxa4 Rxe5 50. Ra7 h5 51. Rh7 Kd8 52. Ka2 Ke8 53. a4 Kf8 54. b4 Kg8 55. Rd7 h4 56. Kb3 h3 57. Rd2 Rh5 58. Rh2 Kf7 59. a5 Ke6 60. a6 Rh7 61. b5 Kd6 62. b6 Kc6 63. b7 Rh8 64. Rc2+ 1-0

[Event "ISR-chT"]
[Site "Israel"]
[Date "1996.??.??"]
[Round "1"]
[White "Blodstein, Boris"]
[Black "Malachi, Avraham"]
[Result "1/2-1/2"]
[WhiteElo "2195"]
[BlackElo "2250"]
[PlyCount "64"]
[EventDate "1996.??.??"]
[EventType "team"]
[EventRounds "11"]
[EventCountry "ISR"]
[SourceTitle "CBM 052 Extra"]
[Source "ChessBase"]
[SourceDate "1996.07.01"]
[SourceVersion "1"]
[SourceVersionDate "1996.07.01"]
[SourceQuality "1"]

1. e4 e5 2. Nf3 Nc6 3. Bb5 a6 4. Ba4 Nf6 5. 0-0 Be7 6. Re1 b5 7. Bb3 0-0 8. h3 Bb7 9. d3 Re8 10. c3 Bf8 11. Bg5 h6 12. Bh4 g5 13. Nxg5 hxg5 14. Bxg5 Bg7 15. Re3 Na5 16. Bxf6 Bxf6 17. Qh5 Nxb3 18. Rg3+ Kf8 19. Qh6+ Ke7 20. Rf3 Ke6 21. axb3 Rh8 22. Qe3 Bg5 23. Qe2 Bf4 24. Nd2 Qg5 25. Nf1 Rag8 26. Ng3 f5 27. Re1 fxe4 28. dxe4 d6 29. c4 c6 30. Rd1 Rd8 31. Rfd3 Rhg8 32. Qe1 Bxg3 1/2-1/2

[Event "Rishon Le Ziyyon YM-IM"]
[Site "Rishon Le Ziyyon"]
[Date "1995.??.??"]
[Round "4"]
[White "Blodstein, Boris"]
[Black "Kaminik, Aleksandar"]
[Result "1-0"]
[WhiteElo "2210"]
[BlackElo "2215"]
[PlyCount "75"]
[EventDate "1995.??.??"]
[EventType "tourn"]
[EventRounds "11"]
[EventCountry "ISR"]
[EventCategory "4"]
[SourceTitle "EXT 1997"]
[Source "ChessBase"]
[SourceDate "1996.11.15"]
[SourceVersion "1"]
[SourceVersionDate "1996.11.15"]
[SourceQuality "1"]

1. d4 Nf6 2. c4 g6 3. Nc3 Bg7 4. e4 d6 5. Be2 0-0 6. Bg5 c5 7. d5 h6 8. Be3 e6 9. Qd2 exd5 10. cxd5 b5 11. Bxb5 Ng4 12. Bf4 g5 13. Bg3 f5 14. exf5 Bxf5 15. Nf3 Qb6 16. Be2 Nd7 17. 0-0 Nde5 18. Nxe5 Nxe5 19. f4 Nd3 20. Bxd3 Bxd3 21. Rf3 c4+ 22. Bf2 Qb7 23. fxg5 Rxf3 24. gxf3 Qf7 25. gxh6 Be5 26. Bg3 Bd4+ 27. Kh1 Qxf3+ 28. Qg2 Qxg2+ 29. Kxg2 Rb8 30. Kf3 Rxb2 31. Rc1 Bc2 32. Ne4 Rxa2 33. Nxd6 Ra3+ 34. Kg4 Rc3 35. Nb5 Be3 36. d6 Bxc1 37. d7 Bd1+ 38. Kh4 1-0

[Event "Rishon Le Ziyyon YM-IM"]
[Site "Rishon Le Ziyyon"]
[Date "1995.??.??"]
[Round "10"]
[White "Grinshpun, Eduard"]
[Black "Blodstein, Boris"]
[Result "1-0"]
[WhiteElo "2390"]
[BlackElo "2210"]
[PlyCount "83"]
[EventDate "1995.??.??"]
[EventType "tourn"]
[EventRounds "11"]
[EventCountry "ISR"]
[EventCategory "4"]
[SourceTitle "EXT 1997"]
[Source "ChessBase"]
[SourceDate "1996.11.15"]
[SourceVersion "1"]
[SourceVersionDate "1996.11.15"]
[SourceQuality "1"]

1. Nf3 c5 2. c4 e6 3. g3 Nf6 4. Nc3 d5 5. cxd5 exd5 6. d4 Nc6 7. Bg2 Be7 8. 0-0 0-0 9. a3 c4 10. Ne5 Be6 11. Nxc4 dxc4 12. d5 Nxd5 13. Nxd5 Bf6 14. e4 Bxd5 15. exd5 Ne5 16. Bd2 Nd3 17. Qc2 Nxb2 18. Ra2 Nd3 19. Qxc4 Ne5 20. Qb3 Qd7 21. a4 Rfc8 22. Qb5 Qxb5 23. axb5 Nc4 24. Bb4 a5 25. bxa6 Rxa6 26. Rxa6 bxa6 27. Rc1 Nd6 28. Rc6 Rxc6 29. dxc6 Nb5 30. Bf1 Nc7 31. Bd6 Bd8 32. f4 g6 33. Kf2 Kg7 34. Bc4 Kf6 35. Ke3 a5 36. g4 h6 37. h4 a4 38. Ke4 Ne8 39. Bf8 g5 40. Bxh6 Kg6 41. Bxg5 f6 42. f5+ 1-0

[Event "Rishon Le Ziyyon YM-IM"]
[Site "Rishon Le Ziyyon"]
[Date "1995.??.??"]
[Round "7"]
[White "Kundin, Alexander"]
[Black "Blodstein, Boris"]
[Result "1-0"]
[WhiteElo "2205"]
[BlackElo "2210"]
[PlyCount "59"]
[EventDate "1995.??.??"]
[EventType "tourn"]
[EventRounds "11"]
[EventCountry "ISR"]
[EventCategory "4"]
[SourceTitle "EXT 1997"]
[Source "ChessBase"]
[SourceDate "1996.11.15"]
[SourceVersion "1"]
[SourceVersionDate "1996.11.15"]
[SourceQuality "1"]

1. e4 e5 2. Nf3 Nc6 3. Bb5 a6 4. Ba4 Nf6 5. 0-0 Be7 6. Bxc6 dxc6 7. Qe2 Nd7 8. b3 0-0 9. Bb2 Bd6 10. d3 Qe7 11. Nbd2 Nc5 12. d4 exd4 13. Nxd4 Re8 14. Rae1 Be5 15. f4 Bxd4+ 16. Bxd4 Bf5 17. Qh5 Qd6 18. Nf3 Ne6 19. exf5 Nxd4 20. Ng5 Ne2+ 21. Rxe2 Qc5+ 22. Ref2 Qxf5 23. g4 Qg6 24. Qxg6 hxg6 25. Rd2 f6 26. Nf3 Rad8 27. Rxd8 Rxd8 28. Kf2 Kf7 29. Re1 Rd5 30. Re2 1-0

[Event "Rishon Le Ziyyon YM-IM"]
[Site "Rishon Le Ziyyon"]
[Date "1995.??.??"]
[Round "8"]
[White "Zifroni, Dov"]
[Black "Blodstein, Boris"]
[Result "1-0"]
[WhiteElo "2370"]
[BlackElo "2210"]
[PlyCount "71"]
[EventDate "1995.??.??"]
[EventType "tourn"]
[EventRounds "11"]
[EventCountry "ISR"]
[EventCategory "4"]
[SourceTitle "EXT 1997"]
[Source "ChessBase"]
[SourceDate "1996.11.15"]
[SourceVersion "1"]
[SourceVersionDate "1996.11.15"]
[SourceQuality "1"]

1. e4 e5 2. Nf3 Nc6 3. Nc3 Nf6 4. d4 exd4 5. Nxd4 Bb4 6. Nxc6 bxc6 7. Qd4 Qe7 8. f3 d5 9. Bg5 dxe4 10. 0-0-0 Bxc3 11. Qxc3 0-0 12. fxe4 Qxe4 13. Bd3 Qg4 14. Bxf6 Qf4+ 15. Rd2 Qxf6 16. Qxf6 gxf6 17. Rf1 Be6 18. Rxf6 Kg7 19. Rdf2 Rad8 20. R6f3 Rd4 21. c3 Rd6 22. b3 Rfd8 23. Kc2 c5 24. c4 Rd4 25. Bf5 R4d7 26. Rg3+ Kh8 27. Bxe6 fxe6 28. Rg5 Re7 29. Re2 Rd6 30. Rxc5 Ra6 31. Kc3 Rd7 32. Rce5 Re7 33. c5 Kg7 34. a4 Kf6 35. Kc4 Ra5 36. Kb4 1-0